02234nas a22002417a 4500999001700000005001700017007001200034008004100046022001400087040000900101082001400110245008800124260003800212300001600250310001500266365001600281500153900297650005801836651001401894655001801908856003801926942002801964 c40855d4085520200520100541.0cz aa aaaaa200428c f||poo|||| 00| 0 eng d a2664-9802 coclc a300bJOU/ aInternational Journal of Humanities and Education Researchhe-Journal (Open Access) bPrime PublicationsaDelhi, India  aPDF(online) aSemiannual eOpen Access aInternational Journal of Humanities and Education Research is an open access, peer-reviewed and refereed journal. Researches in the field of humanities, social science, Community and Consumer Sciences, Economics, Political Science, Geography, Philosophy, History, Humanity and Languages concerning with social science, Anthropological, Behavioral Sciences, Sociology, Journalism and Role of Media in social science, Role of NGOs in the protection of environment. Educational Sciences: For School Students, Women, Village and Society, Commerce, Law and Management related with humanities and social science, anthropology, business studies, communication studies, corporate governance, criminology, cross cultural studies, demography, development studies, economics, education, ethics, geography, history, industrial relations, information science, international relations, law, health, linguistics, library science, media studies, methodology, philosophy, political science, population Studies, psychology, public administration, sociology, social welfare, linguistics, literature, paralegal, performing arts, religious studies, visual arts, women studies, economics, international relations, development studies, population studies, political science, history, journalism and mass communication, corporate governance, cross-cultural studies, peace and conflict, library and information science, public administration, psychology, philosophy, sociology, women studies, religious studies, social welfare, anthropology, linguistics, etc. 0aSocial sciencesvSocial sciences928xSocial sciences 0915aIndia 0918ae-Journal uhttp://www.humanitiesjournal.net/ 2ddccEJh300k300mJOU/